| 000 | 00767nam a22002412 4500 | ||
|---|---|---|---|
| 001 | 0000013602 | ||
| 005 | 20151217152127.0 | ||
| 008 | 090928s xx 000 0 eng d | ||
| 020 | _a0415320186 : | ||
| 040 |
_aKABU _cKABU |
||
| 100 | 1 |
_aWitzel, Morgen. _@0000171068 |
|
| 245 | 1 | 0 |
_aManagement : _bthe basics / _cMorgen Witzel. |
| 250 | _a1st ed. | ||
| 260 |
_aLondon : _bRoutledge, _c2004. |
||
| 300 | _a217 p. | ||
| 650 | 0 |
_aManagement. _@0000083920 |
|
| 852 | 1 | _9p1689 KES | |
| 852 | 1 | _9p1559 KES | |
| 852 | 1 | _9p1430 KES | |
| 852 | 1 | _9p1430 KES | |
| 908 | _a090928 | ||
| 950 | _@1 | ||
| 999 |
_c8539 _d8539 |
||